Регионална библиотека "Любен Каравелов" - Русе

Цветята (Запис номер 65509)

MARC детайли
000 -Лидер
Контролно поле с фиксирана дължина 01393nam a2200385 c 4500
003 - Код на организацията, давaща контролен номер
Контролно поле BLK
005 - Дата и час на последна редакция
Контролно поле 20211011114627.0
008 - Елементи от данни с фиксирана дължина
fixed length control field 180408b bul|||||r ||||||| ||bul||
010 ## - Наследен системен номер
LC control number KNG00069787000
020 ## - Международен стандартен номер на книга ISBN
Международен стандартен номер на книга ISBN 954-625-344-8
-- издат.: Фют
040 ## - Източник на каталожния запис
Идентификатор на билиотеката - собственик на записа BLK
041 ## - Код за език
Код за езика на текст/звукозапис или на отделно заглавие Български
Код за езика КДБФ Български
080 ## - УДК
Текстов определител УДК Стайно цветарство. Вж и 745.9
УДК код - определител по УДК 635.91
УДК определител :087.5
УДК - код + определител 635.91:087.5
100 1# - Редна дума - Автор
Автор Дончева, Анка Дончева
Авторска отговорност първи автор
R(LIN) 254365
139 ## - Редно поле
Редна дума Дончева, Анка Дончева
Авторски знак Донч - Д 78
245 10 - Сведения за заглавието
Заглавие Цветята
Редно поле (дума) Анка Дончева Дончева; худож. Мария Златанова.
257 ## - Страна на издаване
Страна на създаване/издаване България
260 ## - Област на издателските данни
-- София
Име на издателя, разпространителя и проч. Фют
Година на издаване 2006
300 ## - Физическа характеристика
Страници 40 с.
Илюстрации и др. с цв. ил.
Размери/Мащаб 22Х24 см
380 ## - Жанр
Жанр Детска отраслова лит.
490 1# - СЕРИИ (Колекции)
Име на серия Поредица Моето хоби
500 ## - Общи забележки
Забележка Авт. не е отбелязан на кор. - Кор. опис.
650 #4 - Допълнително описание по предмет – тема
Основно описание – тема или топоним Цветя - стайно отглеждане
9 (RLIN) 263949
653 ## - Ключова дума – ненормативна
Ключова дума цветя
653 ## - Ключова дума – ненормативна
Ключова дума отглеждане
653 ## - Ключова дума – ненормативна
Ключова дума цветарство
653 ## - Ключова дума – ненормативна
Ключова дума детска литература
653 ## - Ключова дума – ненормативна
Ключова дума литература за деца
700 1# - Други автори (авторска отговорност)
Лично име Златанова, Мария
Автороска отговорност (Описва отношението между автора и произведението) худож.
9 (RLIN) 246111
852 ## - Местоположение
Форматна сигнатура Цб 230264
856 4# - Електронен адрес и достъп
Електронен формат pdf - файл
Път до файла /url/
856 4# - Електронен адрес и достъп
Електронен формат pdf - файл
Път до файла /url/
942 ## - АРТИКУЛИ
Вид на библиотечния материал Книги
Скрит в OPAC Не
Koha issues (borrowed), all copies 1
944 ## - СЪЗДАВАНЕ И РЕДАКЦИЯ на ЗАПИСА
Създаване/Редакция Създаване
Дата на регистрацията/редакция 01.12.2006
Служител, извършил регистрацията/редакцията Цветанка_Енчева
944 ## - СЪЗДАВАНЕ И РЕДАКЦИЯ на ЗАПИСА
Създаване/Редакция Редакция
Дата на регистрацията/редакция 30.09.2008
Служител, извършил регистрацията/редакцията
999 ## - СИСТЕМНИ КОНТРОЛНИ НОМЕРА
Koha biblionumber 65509
Koha biblioitemnumber 65509
Наличности
Код за отписване Код за изгубен артикул Код за повреда Коз за рестрикции Код за отдаване Артикулен № Име на библиотеката - собственик Име на библиотеката, в която се намира в момента Статус (Текущо местоположение) Дата на вписване в системата Местоположение - отдел Цена в лева Инвентарен номер Систематично азбучна сигнатура Баркод Номер на екземпляра Цена в евро Служебна бележка Служебен тип на артикула
  Не е изгубен Не е повреден без рестрикции ползва се в читалня 108069 Регионална библиотека "Любен Каравелов" Русе Регионална библиотека "Любен Каравелов" Русе Хранилище 2006-12-01 Хранилище 3.50 120000707107 Цб 230264 120000707107 1 1.79 Дост: Dp Вид: Д N: 4 Дата: 04.01.2006 Книги
  Не е изгубен Не е повреден без рестрикции заемане за дома 108070 Регионална библиотека "Любен Каравелов" Русе Регионална библиотека "Любен Каравелов" Русе Детски отдел 2008-05-07 Детски отдел 3.50 120000726067 ДН 633/635/Д 78 120000726067 2 1.79 Дост: DA Вид: А N: 10 Дата: 07.05.2008 Дата инв: 20.08.2015 Бележки инв: Д2015 Книги
  Не е изгубен Не е повреден без рестрикции заемане за дома 108071 Регионална библиотека "Любен Каравелов" Русе Регионална библиотека "Любен Каравелов" Русе Детски отдел 2008-09-25 Детски отдел 3.50 120000729362 ДН 633/635/Д 78 120000729362 3 1.79 Дост: Pk Вид: Ф N: 8930 Дата: 24.09.2008 Дата инв: 20.08.2015 Бележки инв: Д2015 Книги
  Не е изгубен Не е повреден без рестрикции заемане за дома 108072 Регионална библиотека "Любен Каравелов" Русе Регионална библиотека "Любен Каравелов" Русе Детски отдел 2008-09-25 Детски отдел 3.50 120000729363 ДН 633/635/Д 78 120000729363 4 1.79 Дост: Pk Вид: Ф N: 8930 Дата: 24.09.2008 Дата инв: 20.08.2015 Бележки инв: Д2015 Книги
  Не е изгубен Не е повреден без рестрикции заемане за дома 108073 Регионална библиотека "Любен Каравелов" Русе Регионална библиотека "Любен Каравелов" Русе Детски отдел 2008-09-25 Детски отдел 3.50 120000729364 ДН 633/635/Д 78 120000729364 5 1.79 Дост: Pk Вид: Ф N: 8930 Дата: 24.09.2008 Дата инв: 20.08.2015 Бележки инв: Д2015 Книги
Vip Innovations Ltd, Rousse, Bulgaria 2025